| 000 | 01320nab a22002417a 4500 | ||
|---|---|---|---|
| 999 |
_c5354 _d5354 |
||
| 003 | OSt | ||
| 005 | 20250225130933.0 | ||
| 008 | 190603e xxum|||| |||| 00| 0 spa d | ||
| 040 | _cPJ-TDF | ||
| 100 |
_95959 _aIglesias, Mariana B. |
||
| 245 | 1 | 0 |
_aSocioafectividad y solidaridad (sin olvidar la buena fe) en el derecho sucesorio / _cMariana B. Iglesias. |
| 260 |
_cCiudad Autónoma de Buenos Aires : _aThomson Reuters La Ley, _b2024. |
||
| 300 | _ap. 215- | ||
| 500 | _aCita: TR LALEY AR/DOC/1990/2024. Publicado en: R.C.C. y C. 2024 (Septiembre-Octubre). EDICIÓN ESPECIAL: XXIX Jornadas Nacionales de Derecho Civil. | ||
| 505 | _aSumario: I. Introducción.— II. Algunos lineamientos para reflexionar.— III. Conclusión: no solo solidaridad familiar y socioafectividad sino también la buena fe integran los deberes en el derecho sucesorio. | ||
| 505 | _t¿Te interesa el texto completo? Solicitalo al correo: koha@justierradelfuego.gov.ar | ||
| 650 | 0 |
_9888 _aSUCESIONES |
|
| 650 | 0 |
_91080 _aVOCACION HEREDITARIA |
|
| 650 | 0 |
_91053 _aUNIONES CONVIVENCIALES |
|
| 650 | 0 |
_96391 _aDERECHO DE HABITACIÓN DEL CÓNYUGE SUPÉRSTITE |
|
| 773 | 0 |
_02713 _93170 _dCiudad Autónoma de Buenos Aires : Thomson Reuters La Ley, 2015- _tRevista Código Civil y Comercial. Nº 5 - Septiembre-Octubre 2024 |
|
| 942 |
_2udc _cANA |
||